000 00509nam a2200193Ia 4500
005 20240823053844.0
008 240823s9999||||xx |||||||||||||| ||und||
020 _a978-841-265-2987-2
041 _aENGLISH
082 _A620.5 Q3
100 _aDaniel Minoli
245 0 _aNanotechnology Applications to Telecommunications and Networking
250 _a1st
260 _c2013
_bWiley India Pv
_aNew Delhi
500 _aYES
650 _aNanotechnology
_bNano Technology
942 _cBK
999 _c225109
_d225109